| 000 | 00616nam a2200205Ia 4500 | ||
|---|---|---|---|
| 003 | OSt | ||
| 005 | 20250305110805.0 | ||
| 008 | 210210b1984 xxu||||| |||| 00| 0 eng d | ||
| 040 | _cAL | ||
| 041 | _aKannada | ||
| 082 | _aK894.9 VARE | ||
| 100 |
_aVARADARAYA PAI (G). _dವರದರಾಯ ಪೈ (ಜಿ) _9204093 |
||
| 245 |
_aM N Kamath - ondu parichaya. _bಎಮ್ ಎನ್ ಕಾಮತ್ - ಒಂದು ಪರಿಚಯ |
||
| 260 |
_aPutturu _bKarnataka Sangha _c1984 |
||
| 300 | _a58,viii | ||
| 650 |
_aKamat Em En _9204094 |
||
| 690 |
_aKannada Criticism _9204095 |
||
| 906 | _aSG03001 | ||
| 942 |
_2ddc _cBK |
||
| 999 |
_c113726 _d113726 |
||